Statistics for North American Horse Racing Tracks

Click here to take the quiz!

General Stats

  • This quiz has been taken 72 times
  • The average score is 13 of 120

Answer Stats

HintAnswer% Correct
NYBelmont Park
71%
KYChurchill Downs
71%
NYSaratoga
44%
CASanta Anita
42%
MDPimlico
39%
CanadaWoodbine
35%
NYAqueduct
34%
FLGulfstream Park
32%
KYKeeneland
31%
KYKentucky Downs
31%
WVCharles Town
24%
ILArlington
21%
CADel Mar
21%
FLTampa Bay
21%
CAGolden Gate
19%
WVMountaineer
19%
PAParx Racing
19%
KYTurfway Park
19%
UTLaurel Brown
18%
MDLaurel Park
18%
LALouisiana Downs
18%
NJMonmouth Park
18%
DEDelaware Park
16%
CanadaFort Erie
16%
INIndiana Grand
16%
LAFair Grounds
15%
TXLone Star
15%
PAPenn National
15%
NYFinger Lakes
13%
KYLexington
13%
CALos Alamitos QH
13%
CALos Alamitos TB
13%
AKOaklawn Park
13%
IAPrairie Meadows
13%
TXSam Houston
13%
OKWill Rogers
13%
COArapahoe
11%
OHBelterra Park
11%
LADelta Downs
11%
NEFonner Park
11%
CAFresno
11%
ILHawthorne
11%
OHMahoning Valley
11%
OKRemington Park
11%
OHThistledown
11%
NEColumbus
10%
KYEllis Park
10%
CanadaHastings
10%
AZArizona Downs
8%
CanadaAssiniboia
8%
VAColonial Downs
8%
WAEmerald Downs
8%
LAEvangeline
8%
NJFar Hills
8%
NELincoln Race Course
8%
PAPresque Isle Downs
8%
AZTurf Paradise
8%
NMAlbuquerque
6%
SCCharleston
6%
NCCharlotte
6%
NMSunray Park
6%
MDTimonium
6%
NMZia Park
6%
SCAiken
5%
CanadaAjax Downs
5%
PRCamarero
5%
SCCamden
5%
CanadaCentury Mile
5%
NVElko Fair
5%
OKFair Meadows
5%
ILFairmount Park
5%
CAFerndale
5%
NMSunland Park
5%
WYWyoming Downs
5%
NEAtokad
3%
MNCantebury Park
3%
ILFanduel
3%
SDFort Pierre
3%
ORGrants Pass
3%
MTGreat Falls
3%
VAGreat Meadow
3%
VAMontpelier
3%
NDNorth Dakota
3%
TNPercy Warner
3%
GAPine Mtn
3%
IDPocatello Downs
3%
NMRuidoso Downs
3%
NCTryon
3%
DEWinterthur
3%
IDBlack Foot
2%
IDCassia Fair
2%
PACheshire
2%
NDChippewa Downs
2%
ORCrooked River
2%
WYEnergy Downs
2%
NEFair Play Park
2%
VAFoxfield
2%
NYGenesee Valley
2%
TXGillespie Fairground
2%
VAGlenwood Park
2%
MNGlyndon
2%
CanadaGrande Prairie
2%
MDGrand National
2%
NEHorsemen's Park
2%
IDJerome Fair
2%
CanadaLethbridge
2%
PAMalvern
2%
MTMiles City
2%
MDMonkton
2%
IDOneida Fair
2%
OROregon Livestock
2%
PAPennsylvania Hunt Club
2%
CAPleasanton
2%
MDShawan Downs
2%
WYSweetwater Downs
2%
KYThe Thoroughbred Center
2%
ORTillamook Fair
2%
UTWeber Downs
2%
NVWhite Pine Racing
2%
PAWillowdale
2%

Score Distribution

Percentile by Number Answered

Percent of People with Each Score

Your Score History

You have not taken this quiz